00374nam a2200169Ia 4500003000900000008004100009040001300050040001300063041000800076100001400084245005600098250001100154260001400165260000900179300001000188490000600198IT-RoPAU120407s9999 xx 000 0 und d aIT-RoPAU cIT-RoPAU aita aDel Drago aI Vangeli illustrati da Rembrandt (lusso) - 4 voll. aMilano aDel Drago c1984 c29 cm v1